Quiz Cinéma 2024 - Statistiques

Statistiques générales
  • Ce quiz a été pris 489 fois
  • Le résultat moyen est 12 sur 20
Statistiques - réponses
Description Réponse % Correct
Pierre Niney se retrouve accusé à tort d'être un espion napoléonien et est envoyé en prison. Il se lance alors dans une quête de vengeance Le Comte de Monte Cristo
96%
Le West Side Story à la française réalisé par Gilles Lellouche qui parle de l'amour entre Jackie et Clotaire. François Civil, Adèle Exarchopoulos et Alain Chabat notamment composele casting XXL de ce succès. L'Amour Ouf
84%
Plus gros succès en France de 2024, cette comédie sincère d'Artus met en avant les personnes atteintes d'un handicap Un P'tit Truc en Plus
83%
Autre suite d'un classique de Ridley Scott qu'il réalise, Paul Mescal, Pedro Pascal ou encore Denzel Washington compose le casting de ce film se déroulant en Rome Antique Gladiator II
82%
Nouveau succès des studios Pixar se déroulant dans la tête d'une adolescente Vice Versa 2
79%
Suite d'un succès de Denis Villeneuve, le héros devient un prophète aux yeux d'une population et veut venger le massacre de sa famille. Dune: Deuxième Partie
77%
Film de Coralie Fargeat où Demi Moore, star d'Hollywood en déclin, décide d'obtenir unemeilleure version d'elle-même (jouée par Margaret Qualley) grâce à un liquide mystérieux pour redevenir une icone au premier plan The Substance
69%
Film qui oppose Josh O'Connor et Mike Faist dans un match de tennis sous le regardde Zendaya Challengers
66%
Suite d'un succès oscarisé de 2019 avec Joaquin Phoenix. Rejoint par Lady Gaga et Brendan Gleeson, le film s'éloigne de son grand frère en tentant le pari de la comédie musicale Joker: Folie à Deux
63%
Biopic sur l'une des légendes de la chanson française interprétée par Tahar Rahim Monsieur Aznavour
61%
Nouvel opus du super-héros trash de Marvel joué par Ryan Reynolds qui ramène le mutant aux griffes indestructibles dans ses aventures. Deadpool & Wolverine
56%
Production des studios Dreamworks où un robot d'assistance bloqué sur une ile va élever une oie afin de lui permettre de migrer à l'approche de l'automne Le Robot Sauvage
54%
Film de Yorgos Lanthimos qui a vu Emma Stone remporter l'Oscar de la meilleure actrice pour sa performance fascinante d'une femme avec l'esprit d'un enfant. Pauvres Créatures
49%
Nouvel opus de la saga phare de George Miller qui oppose Anya Taylor-Joy et Chris Hemsworth dans un monde dévasté Furiosa
47%
Nouveau film de Sean Baker ayant obtenu la Palme d'Or au Festival de Cannes 2024 Anora
46%
M. Night Shyamalan propose un thriller avec Josh Hartnett où une salle de concert sert de piège pour capturer un tueur en série minutieux Trap
40%
Suite d'un monument de la science-fiction et de l'horreur de Ridley Scott où un groupe de jeunes à la recherche d'une vie meilleure tente de survivre à une espèce meurtrière sur un
vaisseau abandonné
Alien Romulus
39%
Dystopie d'Alex Garland se déroulant dans un futur proche des Etats-Unis où un petit groupe de journalistes de guerre documente la brutalité du conflit au sein du pays Civil War
37%
Troisième opus d'une trilogie d'horreur de Ti West, ce film fait suite à X et Pearl et voit son héroïne interprétée par Mia Goth réussir à enfin devenir la star d'Hollywood qu'elle a toujours voulu être MaXXXine
29%
Film sur le catch qui raconte la malheureuse histoire de la malédiction des frères Von Erich avec Zac Effron, Jeremy Allen White et Lily James. The Iron Claw
25%
Aucun quiz correspondant
Distribution des résultats
% des personnes avec chaque résultat
Percentile par nombre de réponses
Votre historique - résultats
Vous n’avez pas pris ce quiz